|
|
|
|
| LEADER |
00000nam0a2200000 4500 |
| 001 |
55945 |
| 005 |
20231031053005.0 |
| 010 |
|
|
|a 5947235811
|
| 035 |
|
|
|a (RuTPU)RU\TPU\book\58735
|
| 090 |
|
|
|a 55945
|
| 100 |
|
|
|a 20030923d2003 m y0rusy50 ca
|
| 101 |
0 |
|
|a rus
|
| 102 |
|
|
|a RU
|
| 105 |
|
|
|a a j 001zy
|
| 200 |
1 |
|
|a Assembler
|e учебное пособие для вузов
|f В. И. Юров
|
| 205 |
|
|
|a 2-е изд.
|
| 210 |
|
|
|a СПб.
|c Питер
|d 2003
|
| 215 |
|
|
|a 637 с.
|c ил.
|
| 225 |
1 |
|
|a Учебник для вузов
|
| 225 |
1 |
|
|a Издательская программа "300 лучших учебников для высшей школы в честь 300-летия Санкт-Петербурга"
|
| 320 |
|
|
|a Библиогр.: с. 625-626
|
| 320 |
|
|
|a Алф. указ.: с. 626-636
|
| 451 |
|
1 |
|0 (RuTPU)RU\TPU\book\63858
|y 5-94723-581-1
|t Assembler
|o учебное пособие
|f В. И. Юров
|e 2-е изд.
|c СПб.
|n Питер
|d 2004
|p 637 с.
|a Юров, Виктор Иванович
|
| 451 |
|
1 |
|0 (RuTPU)RU\TPU\book\46098
|y 5-272-00040-4
|t Assembler
|o учебник
|f В. И. Юров
|c СПб.
|n Питер
|d 2002
|p 624 с.
|s Издательская программа "300 лучших учебников для высшей школы в честь 300-летия Санкт-Петербурга"
|a Юров, Виктор Иванович
|
| 610 |
1 |
|
|a информатика
|
| 610 |
1 |
|
|a языки программирования
|
| 610 |
1 |
|
|a Assembler
|
| 610 |
1 |
|
|a компьютеры
|
| 610 |
1 |
|
|a программно-аппаратная архитектура
|
| 610 |
1 |
|
|a системное программирование
|
| 610 |
1 |
|
|a учебные пособия
|
| 675 |
|
|
|a 681.3.06:800.92(075.8)
|v 3
|
| 700 |
|
1 |
|a Юров
|b В. И.
|g Виктор Иванович
|
| 801 |
|
1 |
|a RU
|b 63413507
|c 20030923
|g PSBO
|
| 801 |
|
2 |
|a RU
|b 63413507
|c 20160714
|g PSBO
|
| 900 |
|
|
|a Программирование на Ассемблере
|
| 942 |
|
|
|c BK
|
| 952 |
|
|
|b 220000
|